[Event "Campeonato de Aragon por Equipos 2023 - Division de Honor Global"]
[Site ""]
[Date "2023.02.04"]
[Round "2.26"]
[White "Gavin Roche, Enrique"]
[Black "Gella Lopez, Angel"]
[Result "1/2-1/2"]
[WhiteElo "2201"]
[BlackElo "2023"]
[PlyCount "0"]
[WhiteTeam "ONCE C. A. Aragon"]
[BlackTeam "Atletismo Huesca"]
[EventDate "2023.01.28"]

1. d4 d5 2. c4 e6 3. Nc3 Nf6 4. cxd5 exd5 5. Bg5 Nbd7 6. e3 Be7 7. Bd3 O-O 8.
Nf3 c6 9. Qc2 Re8 10. O-O Nf8 11. Rab1 a5 12. a3 Ng6 13. b4 Bd6 14. Rfc1 axb4
15. axb4 Bg4 16. Nh4 Be7 17. Nf5 Bxf5 18. Bxf5 Nh5 19. Bxe7 Qxe7 20. b5 Nf6 21.
bxc6 bxc6 22. Na4 Nh4 23. Nc5 Nxf5 24. Qxf5 g6 25. Qg5 Kg7 26. Rb7 Qd6 27. g3
Ra2 28. h3 Ne4 29. Qh4 Nxf2 30. Rf1 Rxe3 31. Rxf2 Rxg3+ 32. Kf1 Ra1+ 33. Ke2
Ra2+ 34. Kf1 Ra1+ 35. Ke2 Ra2+ 1/2-1/2

[Event "Campeonato de Aragon por Equipos 2023 - Division de Honor Global"]
[Site ""]
[Date "2023.02.04"]
[Round "2.27"]
[White "Laplaza Ara, Carlos"]
[Black "Latorre Abad, Fernando"]
[Result "0-1"]
[WhiteElo "1929"]
[BlackElo "2085"]
[PlyCount "0"]
[WhiteTeam "Atletismo Huesca"]
[BlackTeam "ONCE C. A. Aragon"]
[EventDate "2023.01.28"]

1. d4 Nf6 2. c4 e6 3. Nf3 Bb4+ 4. Bd2 a5 5. a3 Bxd2+ 6. Qxd2 b6 7. Nc3 Bb7 8.
g3 O-O 9. Bg2 d6 10. O-O Nbd7 11. Rfd1 Ne4 12. Nxe4 Bxe4 13. b4 Qe7 14. Ng5
Bxg2 15. Kxg2 Ra7 16. b5 Raa8 17. f4 h6 18. Nf3 Rad8 19. Qc2 Rfe8 20. e4 e5 21.
dxe5 dxe5 22. f5 Nf6 23. Rxd8 Rxd8 24. Rd1 Rxd1 25. Qxd1 Ng4 26. Qd3 Qc5 27.
Qd2 Qxc4 28. Kh3 Qxe4 0-1

[Event "Campeonato de Aragon por Equipos 2023 - Division de Honor Global"]
[Site ""]
[Date "2023.02.04"]
[Round "2.28"]
[White "Fuertes Garay, Javier"]
[Black "Molina Cubero-Luna, German"]
[Result "1-0"]
[WhiteElo "1994"]
[BlackElo "1927"]
[PlyCount "0"]
[WhiteTeam "ONCE C. A. Aragon"]
[BlackTeam "Atletismo Huesca"]
[EventDate "2023.01.28"]

1. e4 e6 2. d4 d5 3. Nd2 Nf6 4. Bd3 c5 5. e5 Nfd7 6. c3 Nc6 7. Ne2 Qb6 8. Nf3
Be7 9. O-O Nf8 10. h4 Bd7 11. b3 cxd4 12. cxd4 f5 13. exf6 gxf6 14. Re1 O-O-O
15. a4 Qa5 16. Bd2 Bb4 17. Rc1 Kb8 18. Rc5 Bxd2 19. Rxa5 Bxa5 20. Rf1 h5 21.
Nf4 Bc8 22. Qe2 Bc7 23. Qd2 e5 24. dxe5 fxe5 25. Ng6 Rg8 26. Nxf8 Rdxf8 27. Ng5
e4 28. Bb5 Rf5 29. Bxc6 bxc6 30. Qb4+ Bb7 31. Ne6 1-0

[Event "Campeonato de Aragon por Equipos 2023 - Division de Honor Global"]
[Site ""]
[Date "2023.02.04"]
[Round "2.29"]
[White "Lopez Gracia, Fernando"]
[Black "Aranaz Murillo, Amalia"]
[Result "0-1"]
[WhiteElo "2259"]
[BlackElo "2265"]
[PlyCount "0"]
[WhiteTeam "Iberajedrez Mundo 64"]
[BlackTeam "Palacio De Pioneros B"]
[EventDate "2023.01.28"]

1. d4 Nf6 2. c4 c5 3. d5 b5 4. cxb5 a6 5. bxa6 g6 6. Nc3 Bxa6 7. e4 Bxf1 8.
Kxf1 d6 9. g3 Bg7 10. Kg2 O-O 11. Nf3 Qb6 12. Re1 Nbd7 13. Qc2 Rfb8 14. Rb1 Ng4
15. h3 Nge5 16. Nxe5 Nxe5 17. Re2 Qa6 18. b3 Nd3 19. Bb2 Nxb2 20. Rxb2 c4 21.
b4 Qa3 22. Re3 Rxb4 23. Nd1 Bxb2 24. Rxa3 Bxa3 25. Ne3 Rb2 26. Qc3 Rxa2 27. Ng4
Bb2 28. Qxc4 Kg7 29. h4 R8a4 30. Qb3 h5 31. Ne3 R4a3 32. Qc4 Be5 33. g4 Rb2 34.
Nd1 Rd2 0-1

[Event "Campeonato de Aragon por Equipos 2023 - Division de Honor Global"]
[Site ""]
[Date "2023.02.04"]
[Round "2.30"]
[White "Zambrana Petisme, Ramiro"]
[Black "Palacios Latasa, Elias"]
[Result "1/2-1/2"]
[WhiteElo "2143"]
[BlackElo "2171"]
[PlyCount "0"]
[WhiteTeam "Palacio De Pioneros B"]
[BlackTeam "Iberajedrez Mundo 64"]
[EventDate "2023.01.28"]

1. e4 e5 2. Nf3 Nc6 3. Bc4 Nf6 4. Ng5 d5 5. exd5 Nd4 6. c3 b5 7. Bf1 Nxd5 8.
cxd4 Qxg5 9. Bxb5+ Kd8 10. Qf3 exd4 11. O-O Rb8 12. Bc6 Nf6 13. b3 Rb6 14. d3
Qc5 15. Ba4 Bb7 16. Qg3 Bd6 17. Bf4 Nh5 18. Qg4 Bc8 19. Bxd6 Rxd6 20. Qh4+ Nf6
21. Nd2 Qh5 22. Qxh5 Nxh5 23. Ne4 Rg6 24. f4 Bf5 25. Rac1 Nf6 26. Nxf6 Rxf6 27.
Rc4 Rd6 28. Rfc1 Ke7 29. Rxc7+ Kf6 30. Rxa7 Bxd3 31. Rcc7 Rf8 32. Rd7 Ke6 33.
Re7+ Kf5 34. g3 Bc2 35. Re5+ Kg4 36. Kg2 f5 37. Rxg7+ Kh5 38. Rxh7+ Kg6 39. Rd7
Rxd7 40. Bxd7 Rd8 41. Bb5 d3 42. Bxd3 Rxd3 43. g4 fxg4 44. Rg5+ Kf6 45. Rxg4
Kf5 46. Rh4 Ke4 {ofrezco tablas} 47. b4 Ra3 48. b5 Rxa2 49. Kg3 Ra3+ 50. Kg4
Rb3 51. Kg5 Rxb5+ 52. f5+ Ke5 53. Rf4 Rb8 54. Rf2 Rg8+ 55. Kh4 Bxf5 56. Re2+
Be4 57. Rf2 Kd4 58. Kh5 Ke5 59. Kh4 Bf5 60. Rb2 Kf6 61. Rb6+ Be6 62. Ra6 Rg4+
63. Kh5 Rg2 64. Kh4 Ke5 65. h3 Rg8 66. Ra5+ Bd5 67. Ra1 Kf4 68. Ra4+ Be4 69.
Ra5 Rh8+ 70. Rh5 Rg8 71. Ra5 Rh8+ 72. Rh5 Rg8 73. Ra5 Rh8+ 1/2-1/2

[Event "Campeonato de Aragon por Equipos 2023 - Division de Honor Global"]
[Site ""]
[Date "2023.02.04"]
[Round "2.31"]
[White "Villalba Embid, Marcos"]
[Black "Sacristan Latorre, Alberto"]
[Result "1/2-1/2"]
[WhiteElo "2125"]
[BlackElo "2100"]
[PlyCount "0"]
[WhiteTeam "Iberajedrez Mundo 64"]
[BlackTeam "Palacio De Pioneros B"]
[EventDate "2023.01.28"]

1. e4 c5 2. Nf3 Nc6 3. d4 cxd4 4. Nxd4 g6 5. c4 Bg7 6. Be3 Nf6 7. Nc3 O-O 8.
Be2 d6 9. O-O Bd7 10. h3 Nxd4 11. Bxd4 a6 12. Qc2 Rc8 13. a4 a5 14. Rad1 Bc6
15. c5 Qc7 16. cxd6 exd6 17. Bf3 Rfe8 18. Rfe1 Re7 19. Rc1 h5 20. Qd2 Qd7 21.
b3 Rce8 22. Nd5 Bxd5 23. exd5 Rxe1+ 24. Rxe1 Rxe1+ 25. Qxe1 Qf5 26. Qc3 Qb1+
27. Kh2 Qf5 28. Kg1 Qb1+ 29. Kh2 Qf5 30. Kg1 1/2-1/2

[Event "Campeonato de Aragon por Equipos 2023 - Division de Honor Global"]
[Site ""]
[Date "2023.02.04"]
[Round "2.32"]
[White "Colom Sienes, Eduardo"]
[Black "Sanchez Castro, Roberto"]
[Result "1-0"]
[WhiteElo "2086"]
[BlackElo "1972"]
[PlyCount "0"]
[WhiteTeam "Palacio De Pioneros B"]
[BlackTeam "Iberajedrez Mundo 64"]
[EventDate "2023.01.28"]

1. e4 b6 2. d4 e6 3. Bd3 Bb7 4. Nh3 Ne7 5. O-O d6 6. f4 f5 7. Ng5 Qd7 8. exf5
exf5 9. Re1 Bd5 10. Nc3 Bg8 11. d5 a6 12. g4 g6 13. gxf5 gxf5 14. Qh5+ Kd8 15.
Nf7+ Bxf7 16. Qxf7 Qe8 17. Qxe8+ Kxe8 18. Bxf5 Kd8 19. Be6 Nd7 20. f5 Bg7 21.
Bg5 Nf6 22. Re2 Rf8 23. Rae1 h6 24. Bh4 c5 25. dxc6 Nxc6 26. Rd1 Kc7 27. Bxf6
Bxf6 28. Nd5+ Kb8 29. Nxf6 Rxf6 30. Rxd6 Na5 31. Rg2 Kc7 32. Rd7+ Kc6 33. Rgg7
Kc5 34. c3 Kb5 35. b3 Rc8 36. a4+ Kc5 37. b4+ 1-0

[Event "Preferente Aragonesa 2023 - Grupo 1"]
[Site ""]
[Date "2023.02.04"]
[Round "2.33"]
[White "Martinez Cebolla, Alberto"]
[Black "Franco Ibanez, Carlos"]
[Result "1/2-1/2"]
[WhiteElo "2076"]
[BlackElo "1859"]
[PlyCount "0"]
[WhiteTeam "Iberajedrez Mundo 64 B"]
[BlackTeam "Shatranj A"]
[EventDate "2023.01.28"]

1. e4 e5 2. Nf3 Nc6 3. d4 exd4 4. Nxd4 Bc5 5. Be3 Qf6 6. c3 Nge7 7. g3 d5 8.
Bg2 dxe4 9. Nd2 Bb6 10. Nxe4 Qg6 11. O-O O-O 12. Nxc6 Nxc6 13. Nc5 Re8 14. b4
Bf5 15. Re1 Rad8 16. Qb3 Bxc5 17. Bxc5 Be4 18. f3 Bd3 19. Bf2 h5 20. Rxe8+ Rxe8
21. Re1 Rxe1+ 22. Bxe1 b5 23. Qd5 Qe6 24. Qxe6 fxe6 25. f4 Nd8 26. Bf2 a6 27.
Bd4 Bc4 28. a3 Bd5 29. Be5 c6 30. Bh3 Nf7 31. Kf2 Nh6 32. Ke3 Ng4+ 33. Bxg4
hxg4 34. Kd4 Kf7 35. Kc5 g6 36. Kb6 Ke7 37. Kxa6 Kd7 38. Kb6 Ba2 39. Kc5 Bb3
40. Bb8 Bd5 41. Kd4 Bb3 42. Ke5 Ke7 43. Ba7 Bd5 44. Bc5+ Kd7 45. Kf6 Be4 46.
Ke5 Bc2 47. Kd4 Bb3 48. Bf8 Ke8 49. Bg7 Kd7 50. Kc5 Kc7 51. Be5+ Kd7 52. Bb8
Ba2 53. Kb6 Bc4 54. Kc5 Bb3 55. Kd4 Ke7 56. Ke5 Bc4 57. Ba7 Bb3 58. Bc5+ Kd7
59. Kf6 Bc2 60. Kg5 Bf5 61. Kf6 Bc2 62. Ke5 Bb3 63. Bf8 Ke8 64. Bd6 Kd7 65. Bb8
Bc4 66. Kd4 Ba2 67. Kc5 Bb3 1/2-1/2

[Event "Preferente Aragonesa 2023 - Grupo 1"]
[Site ""]
[Date "2023.02.04"]
[Round "2.34"]
[White "Ballonga Arruego, Alejandro"]
[Black "Jimenez Fernandez, Alejandro"]
[Result "0-1"]
[WhiteElo "1656"]
[BlackElo "1955"]
[PlyCount "0"]
[WhiteTeam "Shatranj A"]
[BlackTeam "Iberajedrez Mundo 64 B"]
[EventDate "2023.01.28"]

1. c4 f5 2. Nf3 Nf6 3. g3 e6 4. Bg2 c6 5. d4 d5 6. c5 b6 7. b4 a5 8. Qa4 Ba6 9.
Ne5 Bb5 10. Qb3 axb4 11. a4 bxc5 12. dxc5 Bxc5 13. Bb2 Ba6 14. Nd2 Qb6 15. Qf3
Bd4 16. a5 Qa7 17. Rc1 Bxb2 18. Nxc6 Nxc6 19. Rxc6 Qd7 20. Rb6 Bc3 21. Qe3 Ne4
22. Bxe4 dxe4 23. Qf4 O-O 24. Rd6 Qb5 25. O-O Be5 26. Rb6 Bxf4 27. Rxb5 Bxb5
28. gxf4 Rxa5 0-1

[Event "Preferente Aragonesa 2023 - Grupo 1"]
[Site ""]
[Date "2023.02.04"]
[Round "2.35"]
[White "Garcia Acin, Pablo"]
[Black "Alvaro Rada, Gonzalo"]
[Result "1-0"]
[WhiteElo "1851"]
[BlackElo "1273"]
[PlyCount "0"]
[WhiteTeam "Iberajedrez Mundo 64 B"]
[BlackTeam "Shatranj A"]
[EventDate "2023.01.28"]

1. e4 c6 2. Nc3 e5 3. Nf3 d6 4. d4 Nd7 5. a4 a5 6. Bc4 h6 7. dxe5 Nxe5 8. Nxe5
dxe5 9. Bxf7+ Ke7 10. Qxd8+ Kxd8 11. Be3 Bb4 12. O-O-O+ Ke7 13. Bc4 Nf6 14. f3
g5 15. Rd3 g4 16. Rhd1 Be6 17. Bxe6 Kxe6 18. Ne2 b5 19. Ng3 bxa4 20. Nf5 Rag8
21. c3 Bf8 22. Bb6 a3 23. Bxa5 gxf3 24. gxf3 axb2+ 25. Kxb2 Rg2+ 26. R1d2 Rhg8
27. Kb3 Nh5 28. Rd8 Rxd2 29. Rxd2 Nf4 30. Bb4 Nh3 31. Rd8 Kf7 32. Rxf8+ Rxf8
33. Bxf8 Kxf8 34. Kc4 1-0

[Event "Preferente Aragonesa 2023 - Grupo 1"]
[Site ""]
[Date "2023.02.04"]
[Round "2.40]
[White "Roman Gimeno, Javier"]
[Black "Berges Guillera, Fernando"]
[Result "1-0"]
[WhiteElo "1899"]
[BlackElo "1485"]
[PlyCount "0"]
[WhiteTeam "Las Fuentes A"]
[BlackTeam "Binefar A"]
[EventDate "2023.01.28"]


1. d4 d5 2. Nf3 Nf6 3. c4 e6 4. g3 Be7 5. Bg2 O-O 6. O-O dxc4 7. Ne5 Nc6 
8. Nxc6 
bxc6 9. Bxc6 Rb8 10. e3 Ba6 11. Nc3 Rb6 12. Bg2 c5 13. dxc5 Bxc5 
14. Na4 c3 15. 
Nxb6 Bxf1 16. Qxf1 cxb2 17. Bxb2 Bxb6 18. Ba3 Re8 
19. Bc6 h6 20. Bxe8 Qxe8 21. 
Qc4 Qa8 22. Rc1 Qf3 23. Qc6 Nd5 24. Bc5 Qe2 
25. Bxb6 axb6 26. Qc8+ Kh7 27. Qc2+ 
Qxc2 28. Rxc2 f5 29. Kf1 g5 3
0. Rc6 g4 31. Rxe6 b5 32. Re5 1-0

[Event "Preferente Aragonesa 2023 - Grupo 1"]
[Site ""]
[Date "2023.02.04"]
[Round "2.41"]
[White "Sig Vargas, Pablo"]
[Black "Portero Garnica, Miguel Angel"]
[Result "0-1"]
[WhiteElo "1901"]
[BlackElo "2072"]
[PlyCount "0"]
[WhiteTeam "Enroque Barbastro A"]
[BlackTeam "Marcos Frechin B"]
[EventDate "2023.01.28"]

1. e4 e5 2. Nf3 Nc6 3. Bb5 a6 4. Bxc6 dxc6 5. O-O f6 6. d4 exd4 7. Qxd4 Qxd4 8.
Nxd4 c5 9. Nb3 Be6 10. Be3 b6 11. Nc3 O-O-O 12. Rfd1 Bd6 13. Nd5 Be5 14. c3
Bxd5 15. exd5 Ne7 16. c4 Bxb2 17. Rab1 Be5 18. a4 Nf5 19. Rd3 Rhe8 20. a5 Bd6
21. Nc1 Bf4 22. axb6 cxb6 23. Rxb6 Nxe3 24. Rc6+ Kd7 25. Nb3 Nxd5 0-1

[Event "Preferente Aragonesa 2023 - Grupo 1"]
[Site ""]
[Date "2023.02.04"]
[Round "2.42"]
[White "Jario Garcia, Ricardo"]
[Black "Santorroman Jovellar, Javier"]
[Result "1-0"]
[WhiteElo "2005"]
[BlackElo "1658"]
[PlyCount "0"]
[WhiteTeam "Marcos Frechin B"]
[BlackTeam "Enroque Barbastro A"]
[EventDate "2023.01.28"]

1. e4 c6 2. d4 d5 3. exd5 cxd5 4. c4 Nf6 5. Nc3 e6 6. Nf3 Bb4 7. a3 Bxc3+ 8.
bxc3 O-O 9. Bg5 Nbd7 10. Bd3 dxc4 11. Bxc4 Qa5 12. O-O Ne4 13. Bd2 Nxd2 14.
Qxd2 Nf6 15. Qb2 b6 16. Ne5 Bb7 17. Bb5 Rac8 18. Nc4 Rxc4 19. Bxc4 Qh5 20. f3
Re8 21. Bd3 Nd5 22. Rac1 Nf4 23. Qd2 g5 24. Rfe1 Nh3+ 25. gxh3 Qxf3 26. Re3
Qh1+ 27. Kf2 Qxh2+ 28. Ke1 Qh1+ 29. Bf1 Ba6 30. Qg2 1-0

[Event "Preferente Aragonesa 2023 - Grupo 1"]
[Site ""]
[Date "2023.02.04"]
[Round "2.43"]
[White "Rubiella Moreno, Óscar"]
[Black "Perez Tomas, Juan Manuel"]
[Result "0-1"]
[WhiteElo "1587"]
[BlackElo "1807"]
[PlyCount "0"]
[WhiteTeam "Enroque Barbastro A"]
[BlackTeam "Marcos Frechin B"]
[EventDate "2023.01.28"]

1. e4 c5 2. d4 cxd4 3. c3 dxc3 4. Nxc3 e6 5. Nf3 Nc6 6. Bc4 a6 7. O-O b5 8. Bb3
Nge7 9. Bg5 f6 10. Be3 Ng6 11. Re1 Be7 12. Nd5 Rb8 13. Nxe7 Ngxe7 14. Bc5 O-O
15. Qd6 Ng6 16. Bxe6+ Kh8 17. Bf5 Re8 18. Bxg6 hxg6 19. Nh4 Kh7 20. Re3 Re5 21.
Rh3 Rh5 22. g4 Rh6 23. Kg2 Bb7 24. f4 Na5 25. Bb6 Qe8 26. Bxa5 Qxe4+ 27. Kf2
Re8 28. Re1 Qc2+ 29. Qd2 Qc5+ 30. Rhe3 Rxh4 31. Kg3 Rxe3+ 32. Rxe3 g5 33. fxg5
Qxg5 34. Qd4 Rxg4+ 35. Qxg4 Qxe3+ 36. Kh4 g5+ 0-1

[Event "Preferente Aragonesa 2023 - Grupo 1"]
[Site ""]
[Date "2023.02.04"]
[Round "2.44"]
[White "Jario Dominguez, Diego"]
[Black "Jimenez Azlor, Hugo"]
[Result "1-0"]
[WhiteElo "1622"]
[BlackElo "1537"]
[PlyCount "0"]
[WhiteTeam "Marcos Frechin B"]
[BlackTeam "Enroque Barbastro A"]
[EventDate "2023.01.28"]

1. e4 c6 2. c4 d5 3. cxd5 cxd5 4. exd5 Qxd5 5. d4 e6 6. Nc3 Qd8 7. Bc4 Nf6 8.
Nf3 Be7 9. O-O Nbd7 10. d5 exd5 11. Nxd5 Nxd5 12. Bxd5 Nf6 13. Bb3 O-O 14. Bf4
Bf5 15. Rc1 Rc8 16. Ne5 h6 17. Qxd8 Rfxd8 18. Nxf7 Kf8 19. Nxd8 Rxd8 20. Rc7
Rd7 21. Rfc1 Bd8 22. Rxd7 Bxd7 23. Bd6+ Be7 24. Bxe7+ Kxe7 25. Rc7 Kd6 26. Rxb7
a5 27. Ra7 a4 28. Bxa4 Bxa4 29. Rxa4 1-0

[Event "Preferente Aragonesa 2023 - Grupo 1"]
[Site ""]
[Date "2023.02.04"]
[Round "2.45"]
[White "Fabre Perez, Jose Maria"]
[Black "Carruez Berges, Fernando"]
[Result "1-0"]
[WhiteElo "1981"]
[BlackElo "1969"]
[PlyCount "0"]
[WhiteTeam "Delicias B"]
[BlackTeam "Agrupacion B"]
[EventDate "2023.01.28"]

1. c4 g6 2. g3 Bg7 3. Bg2 e5 4. Nc3 d6 5. e4 Nc6 6. Nge2 Nge7 7. d3 O-O 8. O-O
f5 9. Nd5 Nxd5 10. cxd5 Ne7 11. Be3 c5 12. Qd2 Bd7 13. b4 b6 14. Rab1 Rb8 15.
Bg5 Bf6 16. Bxf6 Rxf6 17. f4 exf4 18. gxf4 fxe4 19. dxe4 Bb5 20. e5 Rf8 21.
bxc5 bxc5 22. Bh3 Nf5 23. Bxf5 Rxf5 24. Ng3 Bxf1 25. Rxf1 Rb4 26. Nxf5 gxf5 27.
Qg2+ Kh8 28. Qh3 Qg8+ 29. Qg2 Qxg2+ 30. Kxg2 Rd4 31. e6 Kg8 32. Rb1 Kf8 33.
Rb8+ Ke7 34. Rb7+ Ke8 35. Rb8+ Ke7 36. Rb7+ Ke8 37. Rxa7 Rxd5 38. Rxh7 Rd2+ 39.
Kf3 Rxa2 40. h4 c4 41. Rc7 d5 42. Ke3 Ra6 43. Kd4 Rxe6 44. Kxd5 Rh6 45. Rxc4
Rxh4 46. Ke6 Kf8 47. Rc8+ Kg7 48. Kxf5 Kf7 49. Rc7+ Kf8 50. Kg5 Rh1 51. Kg6
Rg1+ 52. Kf6 Kg8 53. Rc8+ Kh7 54. f5 Ra1 55. Re8 Ra6+ 56. Kf7 Ra7+ 57. Re7 Ra1
58. Kf8+ Kh8 59. f6 Rb1 1-0

[Event "Preferente Aragonesa 2023 - Grupo 1"]
[Site ""]
[Date "2023.02.04"]
[Round "2.46"]
[White "Carruez Gracia, Eduardo"]
[Black "Dominguez Luzon, Fernando"]
[Result "1-0"]
[WhiteElo "1941"]
[BlackElo "1960"]
[PlyCount "0"]
[WhiteTeam "Agrupacion B"]
[BlackTeam "Delicias B"]
[EventDate "2023.01.28"]

1. e4 c5 2. b4 b6 3. bxc5 bxc5 4. Nf3 d6 5. Nc3 Nf6 6. g3 Bb7 7. Qe2 Nc6 8. Bg2
e6 9. O-O Be7 10. Rb1 Rb8 11. e5 Nd4 12. Qd3 Nxf3+ 13. Bxf3 Bxf3 14. Rxb8 Qxb8
15. exf6 1-0

[Event "Preferente Aragonesa 2023 - Grupo 1"]
[Site ""]
[Date "2023.02.04"]
[Round "2.47"]
[White "Gaspar Calvo, Luis Alberto"]
[Black "Larrosa Poves, Jose Manuel"]
[Result "1-0"]
[WhiteElo "1845"]
[BlackElo "1902"]
[PlyCount "0"]
[WhiteTeam "Delicias B"]
[BlackTeam "Agrupacion B"]
[EventDate "2023.01.28"]

1. c4 c6 2. Nf3 d5 3. b3 Nf6 4. Bb2 Bf5 5. g3 e6 6. Bg2 Bd6 7. O-O O-O 8. d3
Nbd7 9. cxd5 exd5 10. Nc3 Qe7 11. e4 dxe4 12. Re1 Bg4 13. Nxe4 Be5 14. d4 Bc7
15. Nc5 Be6 16. Nxe6 fxe6 17. Bh3 Kh8 18. Bxe6 Qd6 19. Ng5 Nb6 20. Nf7+ Rxf7
21. Bxf7 Rf8 22. Be6 Nbd5 23. Bxd5 Nxd5 24. Qg4 Qf6 25. Re2 Qf7 26. Ba3 Rd8 27.
Qe6 Kg8 28. Rae1 Qxe6 29. Rxe6 Kf7 30. Re7+ Kg6 31. R1e6+ Kf5 32. g4+ Kxg4 33.
Rxg7+ Kf5 34. Rh6 Rh8 35. Rhxh7 Rxh7 36. Rxh7 Nc3 37. Rxc7 1-0

[Event "Preferente Aragonesa 2023 - Grupo 1"]
[Site ""]
[Date "2023.02.04"]
[Round "2.48"]
[White "Casasnovas Sanchez, Raul"]
[Black "Jarabo Marin, Pablo"]
[Result "1-0"]
[WhiteElo "1425"]
[BlackElo "1246"]
[PlyCount "0"]
[WhiteTeam "Agrupacion B"]
[BlackTeam "Delicias B"]
[EventDate "2023.01.28"]

1. e4 e5 2. Nc3 Nc6 3. Bc4 Bc5 4. d3 Nf6 5. f4 d6 6. Nf3 Bg4 7. Na4 Bb4+ 8. c3
Ba5 9. b4 Bb6 10. Nxb6 cxb6 11. O-O O-O 12. h3 Bd7 13. b5 Na5 14. fxe5 dxe5 15.
Nxe5 Nxc4 16. Nxc4 Bxb5 17. Qb3 a6 18. a4 Bxc4 19. Qxc4 Rc8 20. Qd4 Qxd4+ 21.
cxd4 Rc3 22. Rf3 Rfc8 23. Bg5 Nh5 24. g4 h6 25. Bxh6 gxh6 26. gxh5 Rb3 27. Raf1
Rc7 28. d5 Rb4 29. e5 Rd4 30. e6 fxe6 31. dxe6 Rg7+ 32. Kh2 Rd8 33. Rg1 Re8 34.
Rxg7+ Kxg7 35. Rf7+ Kg8 36. Rf6 b5 37. axb5 axb5 38. d4 b4 39. d5 Rf8 40. e7
Re8 41. d6 b3 42. d7 1-0

[Event "Preferente Aragonesa 2023 - Grupo 1"]
[Site ""]
[Date "2023.02.04"]
[Round "2.49"]
[White "Cebollada Pacheco, Jesus Raul"]
[Black "Carraminana Lopez, Luis Antonio"]
[Result "1-0"]
[WhiteElo "1955"]
[BlackElo "1901"]
[PlyCount "0"]
[WhiteTeam "MyInvestor Casablanca B"]
[BlackTeam "Helios B"]
[EventDate "2023.01.28"]

1. e4 e5 2. Nf3 Nf6 3. Bc4 Bc5 4. Nxe5 O-O 5. O-O Nxe4 6. Nxf7 Rxf7 7. Bxf7+ Kxf7 
8. Qh5+ Kf8 9. Qf5+ Qf6 10. Qxe4 d6 11. Nc3 Nc6 12. Nd5 Qf7 13. Ne3 Be6 
14. c3 d5 15. Qxh7 Ne7 16. d4 Bd6 17. Qh8+ Ng8 18. f4 Bf5 19. Nxf5 Qxf5 
20. Be3 Re8 21. Rae1 Re6 22. Qh3 Qxh3 23. gxh3 Rh6 24. Rf3 Nf6 25. f5 Rh5 
26. Kg2 Ne4 27. Re2 Kf7 28. Bf4 Rxf5 29. Bg3 Kg6 30. Rxf5 Kxf5 31. Re3 g5 
32. Bxd6 Nxd6 33. Re5+ 1-0

[Event "Preferente Aragonesa 2023 - Grupo 1"]
[Site ""]
[Date "2023.02.04"]
[Round "2.50"]
[White "Lorente Melcon, Nicolas"]
[Black "Miranda Herrera, Belen"]
[Result "0-1"]
[WhiteElo "1869"]
[BlackElo "1788"]
[PlyCount "0"]
[WhiteTeam "Helios B"]
[BlackTeam "MyInvestor Casablanca B"]
[EventDate "2023.01.28"]

1. e4 e5 2. Nf3 Nc6 3. Bc4 Bc5 4. O-O Nf6 5. d3 d6 6. c3 O-O 7. b4 Bb6 8. Bg5 h6 
9. Bh4 g5 10. Bg3 Bg4 11. h3 Bh5 12. Re1 a6 13. Nbd2 Kh8 14. Nf1 g4 15. hxg4 Nxg4 
16. N3h2 Qg5 17. Qd2 Nxh2 18. Qxg5 Nf3+ 19. gxf3 hxg5 20. Kg2 f5 21. Ne3 Bg6 
22. Nd5 f4 23. Bh2 Bf7 24. Rh1 Kg7 25. Rag1 Bxd5 26. Bxd5 Rh8 27. Kf1 Kf6 
28. a4 Rab8 29. Rg2 Ne7 30. Bb3 c6 31. Ke2 c5 32. Bc4 cxb4 33. cxb4 Bd4 34. Rc1 b5 
35. axb5 axb5 36. Bb3 Rbc8 37. Rb1 Bc3 38. Bd1 Nc6 39. Bb3 Bxb4 40. Bd5 Nd4+ 
41. Kd1 Bc5 42. Bb7 Rb8 43. Bd5 Nxf3 44. Bg1 b4 45. Ke2 Nd4+ 46. Kd2 Rb6 
47. Kc1 Rh3 48. Kd2 Nb5 49. Kc2 Na3+ 0-1

[Event "Preferente Aragonesa 2023 - Grupo 1"]
[Site ""]
[Date "2023.02.04"]
[Round "2.51"]
[White "Alvarez Gonzalo, Miguel Angel"]
[Black "Lacamara Pasamar, Miguel"]
[Result "0-1"]
[WhiteElo "1767"]
[BlackElo "1794"]
[PlyCount "0"]
[WhiteTeam "MyInvestor Casablanca B"]
[BlackTeam "Helios B"]
[EventDate "2023.01.28"]


1. c4 e5 2. g3 g6 3. Bg2 Nc6 4. Nc3 Bg7 5. e4 d6 6. Nge2 f5 7. d3 Nf6 
8. O-O O-O 9. Nd5 Nxd5 10. cxd5 Ne7 11. f4 c6 12. dxc6 Qb6+ 
13. Kh1 Nxc6 14. Nc3 Be6 15. Bd2 Rac8 16. Rb1 Qd4 17. Be1 exf4 
18. gxf4 fxe4 19. dxe4 Qxd1 20. Rxd1 Bc4 21. Rf2 Nb4 22. Rfd2 Rxf4 
23. Bg3 Rf6 24. Bxd6 Nc6 25. e5 Rf7 26. Bh3 Re8 27. b3 Be6 28. Bg2 Nxe5 
29. Nd5 Bg4 30. Re1 Bf3 31. Nc7 Rc8 32. Ne6 Bxg2+ 33. Kxg2 Nf3 34. Ree2 Nxd2 
35. Rxd2 Rd7 36. Nxg7 Rxg7 37. Bg3 Re7 38. Kh3 Rce8 39. a4 Re3 40. b4 R8e4 
41. Rd8+ Kg7 42. Rd7+ Re7 43. Rd5 Kh6 44. a5 Rb3 45. Rd4 Kh5 46. Rh4+ Kg5 
47. Rg4+ Kf5 48. Rf4+ Ke6 49. Re4+ Kd7 50. Rc4 Ke8 51. Kh4 Rbe3 52. Kh3 a6 
53. Rc5 R3e4 54. b5 axb5 55. Rxb5 Rd7 56. Rc5 Red4 57. Rc8+ Kf7 58. Rc2 Rd2 
59. Rc4 Rb2 60. Rc5 Ra2 61. Rb5 Ke8 62. Re5+ Kf7 63. Rb5 h5 64. Rc5 Ra3 65. Rb5 Kf6 
66. Rb6+ Kf5 67. Rb5+ Ke4 68. Rg5 Rg7 69. Kh4 Rf3 70. Re5+ Kd4 71. Rg5 Kc4 72. Be5 Re7 
73. Bg3 Re4+ 74. Kh3 Re6 75. Kh4 Rd3 76. Kh3 Rd5 77. Rxd5 Kxd5 78. Kh4 Kc5 79. Kg5 Kb5 
80. Bc7 Rc6 81. Bb6 Rc2 82. h4 Rg2+ 83. Kf6 Rg4 84. Kf7 Rxh4 85. Kxg6 Ra4 
86. Kxh5 Rxa5 0-1

[Event "Preferente Aragonesa 2023 - Grupo 2"]
[Site ""]
[Date "2023.02.04"]
[Round "2.52"]
[White "Mombiela De Sus, Jose Luis"]
[Black "Gomez Salinas, Nestor"]
[Result "1/2-1/2"]
[WhiteElo "1944"]
[BlackElo "2048"]
[PlyCount "0"]
[WhiteTeam "Las Fuentes B"]
[BlackTeam "Palacio De Pioneros C"]
[EventDate "2023.01.28"]

1. Nf3 Nf6 2. g3 d5 3. Bg2 Nc6 4. d4 Bf5 5. O-O Qd7 6.
c4 e6 7. Nc3 h6 8. Ne5 Nxe5 9. dxe5 Ng4 10. cxd5 exd5 11. Qxd5 c6 12. Qa5 Qd8
13. Qa4 Qb6 14. Nd5 Qd8 15. Rd1 b5 16. Qf4 Bd7 17. e6 fxe6 18. Nc7+ Ke7 19.
Qxg4 Qxc7 20. Be3 Kf7 21. Bf4 Qc8 22. Be5 h5 23. Qg5 Qe8 24. Be4 Rh6 25. Rd3
Qe7 26. Qf4+ Kg8 27. Rad1 Be8 28. Qf3 Rc8 29. Rc3 c5 30. Bb7 Rd8 31. Rxd8 Qxd8
32. Rd3 Qe7 33. Bc6 c4 34. Rd1 Bxc6 35. Qxc6 Qc5 36. Qe4 Qc8 37. a4 a6 38. axb5
axb5 39. Ra1 Qc5 40. Ra8 h4 41. g4 h3 42. Bd4 Qd5 43. Qxd5 exd5 44. Rb8 Ra6 45.
f3 Kf7 46. Rxb5 Bd6 47. b3 Ra2 48. Rxd5 Bf4 49. bxc4 Rxe2 50. Bf2 Rc2 51. Rd1
1/2-1/2

[Event "Preferente Aragonesa 2023 - Grupo 2"]
[Site ""]
[Date "2023.02.04"]
[Round "2.53"]
[White "Sanjuan Segura, Ignacio"]
[Black "Brosa Soto, Jesus"]
[Result "1/2-1/2"]
[WhiteElo "1820"]
[BlackElo "1938"]
[PlyCount "0"]
[WhiteTeam "Palacio De Pioneros C"]
[BlackTeam "Las Fuentes B"]
[EventDate "2023.01.28"]

1. d4 d5 2. Nf3 c6 3. e3 Nf6 4. Bd3 Bg4 5. O-O Nbd7 6.
Nbd2 e6 7. h3 Bh5 8. c3 Bd6 9. e4 dxe4 10. Nxe4 Nxe4 11. Bxe4 Nf6 12. Bc2 Qa5
13. Re1 Rd8 14. g4 Bg6 15. Ne5 Bxe5 16. Rxe5 Qxe5 17. dxe5 Rxd1+ 18. Bxd1 Nd7
19. f4 h5 20. Bf3 hxg4 21. hxg4 f6 22. exf6 gxf6 23. Be3 a6 24. Kg2 Ke7 25. b4
e5 26. f5 Bf7 27. a4 Bd5 28. Rf1 Rg8 29. Kg3 b5 30. a5 Kd6 31. Rh1 Bxf3 32.
Kxf3 c5 33. Rd1+ Kc6 34. Rg1 cxb4 35. cxb4 Kd5 36. Rd1+ Kc6 37. Rc1+ Kd5
1/2-1/2